MARC

LEADER 00000nam a2200000Ia 4500
001 21106
008 160829s2007 xx 000 0 cat d
080 |a FU-30-76 
110 1 |a Parc del Castell de Montesquiu (Catalunya)  |9 52663 
245 |a Château de Montesquiu 
250 |a Éd. française 
260 |a Barcelona :  |b Diputació de Barcelona. Àrea d'Espais Naturals :  |b Xarxa de Parcs Naturals,  |c 2007 
300 |a 1 f. plegat en 6 parts :  |b  il. col. ;  |c 21 cm, 30 x 42 cm despleg. 
590 |a Hi ha un exemplar en català amb R. 21103, en castellà amb R. 21104 i en anglès amb R. 21105 
650 |a Castell de Montesquiu  |x Història   |9 38927 
650 |a Castell de Montesquiu  |x Guies  |9 38928 
710 1 |a Barcelona (Catalunya : Província).  |b Xarxa de Parcs Naturals  |9 7250 
710 |a Barcelona (Catalunya : Província).  |b Àrea d'Espais Naturals  |9 9050 
901 |a Arxiu 
942 |n 1 
952 |0 0  |1 0  |4 0  |6 FU3076  |7 1  |9 51192  |a Arxiu  |b Arxiu  |d 2016-12-01  |l 0  |o FU-30-76  |p 21106  |r 2016-12-01 00:00:00  |w 2016-12-01  |y ARXIU 
999 |c 55035  |d 55035